000
00276nam a2200133Ia 4500
100
_a
Freund/ John E.
942
_c
RB
654
_a
Business
245
_a
Modern Business Statistics
260
_b
P.H.
_a
New Jersey
_c
1958
300
_a
539
546
_a
ENGLISH
999
_c
34583
_d
34583